| 000 | 00429cam a2200181ua 4500 | ||
|---|---|---|---|
| 020 | _c1.50 | ||
| 041 |
_ahin _h |
||
| 082 |
_a891.54 _bPRA/VI |
||
| 100 | _aPrakash Chandra, Gupta . | ||
| 245 |
_aVishakh / _cPrakash Chandra Gupta. _hTextual Documents |
||
| 250 |
_a1 / _b. |
||
| 260 |
_aDelhi : _bRajkamal Prakash , _c1957. |
||
| 300 | _a87 ; . | ||
| 365 | _a1.50 | ||
| 504 | _a | ||
| 942 | _cBK | ||
| 999 |
_c8183 _d8183 |
||